Richest Countries with Exceptions - Statistics

General Stats
  • This quiz has been taken 2,121 times
    2,101 since last reset
  • The average score is 15 of 20
Answer Stats
$ Country % Correct
37,800 Japan
96%
102,100 Qatar
94%
46,600 Australia
93%
81,300 Singapore
93%
35,400 South Korea
93%
35,000 New Zealand
92%
52,800 Saudi Arabia
92%
65,000 United Arab Emirates
92%
71,000 Kuwait
87%
51,400 Bahrain
86%
33,400 Israel
82%
43,600 Taiwan
82%
44,100 Oman
81%
77,700 Brunei
78%
24,500 Malaysia
69%
23,200 Chile
67%
24,500 Seychelles
50%
28,000 Cyprus
47%
24,100 Kazakhstan
39%
32,600 Equatorial Guinea
25%
No matching quizzes found
Score Distribution
Percent of People with Each Score
Percentile by Number Answered
Your Score History
You have not taken this quiz since the last reset